| 000 | 00369nam a22001577a 4500 | ||
|---|---|---|---|
| 005 | 20231103191313.0 | ||
| 008 | 231103b |||||||| |||| 00| 0 eng d | ||
| 020 | _a0751711144 | ||
| 082 |
_a658.802 _bCIM |
||
| 245 | _aStrategic marketing decisions | ||
| 260 |
_aLondon _bBPP _c2004 |
||
| 300 | _a473 | ||
| 500 | _aInclude Index | ||
| 650 | _amanagement | ||
| 999 |
_c34696 _d34696 |
||